<?xml version="1.0" encoding="UTF-8"?>
<record
    xmlns:xsi="http://www.w3.org/2001/XMLSchema-instance"
    xsi:schemaLocation="http://www.loc.gov/MARC21/slim http://www.loc.gov/standards/marcxml/schema/MARC21slim.xsd"
    xmlns="http://www.loc.gov/MARC21/slim">

  <leader>00933nam2a2200265   4500</leader>
  <controlfield tag="001">RU\NLR\bibl\133109</controlfield>
  <controlfield tag="005">20250618042104.0</controlfield>
  <datafield tag="010" ind1=" " ind2=" ">
    <subfield code="a">5-89144-161-6</subfield>
    <subfield code="9">2000</subfield>
  </datafield>
  <datafield tag="021" ind1=" " ind2=" ">
    <subfield code="a">RU</subfield>
    <subfield code="b">2000-23318&#x43F;</subfield>
    <subfield code="9">837&#x43F;</subfield>
  </datafield>
  <datafield tag="035" ind1=" " ind2=" ">
    <subfield code="a">(NLR Aleph) 000130380</subfield>
  </datafield>
  <datafield tag="090" ind1=" " ind2=" ">
    <subfield code="a">744467</subfield>
    <subfield code="c">744467</subfield>
  </datafield>
  <datafield tag="100" ind1=" " ind2=" ">
    <subfield code="a">20010208d2000    |||y0rusy50      ca</subfield>
  </datafield>
  <datafield tag="101" ind1="0" ind2=" ">
    <subfield code="a">rus</subfield>
  </datafield>
  <datafield tag="102" ind1=" " ind2=" ">
    <subfield code="a">RU</subfield>
  </datafield>
  <datafield tag="105" ind1=" " ind2=" ">
    <subfield code="a">a   |||||||||</subfield>
  </datafield>
  <datafield tag="200" ind1="0" ind2=" ">
    <subfield code="a">&#x41A;&#x43D;. 1</subfield>
  </datafield>
  <datafield tag="210" ind1=" " ind2=" ">
    <subfield code="d">2000</subfield>
    <subfield code="a">&#x411;. &#x43C;.</subfield>
  </datafield>
  <datafield tag="215" ind1=" " ind2=" ">
    <subfield code="a">122, [1] c.</subfield>
    <subfield code="c">&#x438;&#x43B;.</subfield>
  </datafield>
  <datafield tag="461" ind1=" " ind2="0">
    <subfield code="1">001RU\NLR\bibl\134797</subfield>
    <subfield code="1">2001#$a&#x422;&#x430;&#x439;&#x43D;&#x44B; &#x432;&#x435;&#x447;&#x43D;&#x43E;&#x441;&#x442;&#x438;$v&#x41A;&#x43D;. 1</subfield>
    <subfield code="9">754356</subfield>
    <subfield code="a">&#x418;&#x43D;&#x434;&#x443;&#x43B;&#x435;&#x43A;&#x445;&#x430; &#x411;&#x445;&#x430;&#x43A;&#x442;&#x438;</subfield>
    <subfield code="c">&#x41C;.</subfield>
    <subfield code="d">2000</subfield>
    <subfield code="f">&#x410;&#x432;&#x442;. &#x442;&#x435;&#x43A;&#x441;&#x442;&#x43E;&#x432; &#x418;&#x43D;&#x434;&#x443;&#x43B;&#x435;&#x43A;&#x445;&#x430; &#x411;&#x445;&#x430;&#x43A;&#x442;&#x438; &#x434;&#x435;&#x432;&#x438; &#x434;&#x430;&#x441;&#x438;</subfield>
    <subfield code="n">&#x41C;-&#x432;&#x43E; &#x43F;&#x440;&#x43E;&#x43F;&#x43E;&#x432;&#x435;&#x434;&#x438; &#x43F;&#x440;&#x438;&#x445;&#x43E;&#x436;&#x430;&#x43D; &#x418;&#x421;&#x41A;&#x41A;&#x41E;&#x41D; &#x438; &#x434;&#x440;.</subfield>
    <subfield code="t">&#x422;&#x430;&#x439;&#x43D;&#x44B; &#x432;&#x435;&#x447;&#x43D;&#x43E;&#x441;&#x442;&#x438;</subfield>
    <subfield code="v">&#x41A;&#x43D;. 1</subfield>
  </datafield>
  <datafield tag="801" ind1=" " ind2="0">
    <subfield code="a">RU</subfield>
    <subfield code="b">NLR</subfield>
    <subfield code="c">20010208</subfield>
    <subfield code="g">PSBO</subfield>
  </datafield>
  <datafield tag="801" ind1=" " ind2="1">
    <subfield code="a">RU</subfield>
    <subfield code="b">NLR</subfield>
    <subfield code="c">20010208</subfield>
  </datafield>
  <datafield tag="852" ind1=" " ind2=" ">
    <subfield code="a">NLR</subfield>
    <subfield code="j">2001-3/745</subfield>
  </datafield>
  <datafield tag="942" ind1=" " ind2=" ">
    <subfield code="c">BOOK</subfield>
  </datafield>
  <datafield tag="980" ind1=" " ind2=" ">
    <subfield code="a">NB</subfield>
  </datafield>
  <datafield tag="995" ind1=" " ind2=" ">
    <subfield code="5">2001-02-08</subfield>
    <subfield code="a">ad</subfield>
    <subfield code="b">NLR01</subfield>
    <subfield code="c">NLR01</subfield>
    <subfield code="e">RF8</subfield>
    <subfield code="f">103135</subfield>
    <subfield code="k">2001-3/745</subfield>
    <subfield code="o">0</subfield>
    <subfield code="r">BOOK</subfield>
    <subfield code="s">20013745_</subfield>
  </datafield>
  <datafield tag="995" ind1=" " ind2=" ">
    <subfield code="5">2001-02-08</subfield>
    <subfield code="a">ad</subfield>
    <subfield code="b">NLR01</subfield>
    <subfield code="c">NLR01</subfield>
    <subfield code="e">RF8</subfield>
    <subfield code="f">103136</subfield>
    <subfield code="k">2001-3/745</subfield>
    <subfield code="o">0</subfield>
    <subfield code="r">BOOK</subfield>
    <subfield code="s">20013745_</subfield>
  </datafield>
</record>
